Podział administracyjny Mołdawii - Statystyki

Ogólne statystyki
  • Ten quiz został rozwiązany 4 razy
  • Średni wynik to 15 z 39
Statystyki odpowiedzi
Nazwa jednostki administracyjnej Nazwa % Poprawnych
Region autonomiczny (1) Gagauzja
100%
Miasta wydzielone (5) Kiszyniów
100%
Terytorium sporne (1) Naddniestrze
100%
Tyraspol
67%
Regiony Anenii Noi
33%
Basarabeasca
33%
(Tighina) Bendery
33%
Bielce
33%
Bryczany
33%
Calarasi
33%
Cantemir
33%
Causeni
33%
Cimislia
33%
Criuleni
33%
Donduseni
33%
Drochia
33%
Dubosary
33%
Edinet
33%
Falesti
33%
Floresti
33%
Glodeni
33%
Hincesti
33%
Ialoveni
33%
Kaguł
33%
Komrat
33%
Leova
33%
Nisporeni
33%
Ocnita
33%
Orhei
33%
Rezina
33%
Riscani
33%
Singerei
33%
Soldanesti
33%
Soroca
33%
Stefan Voda
33%
Straseni
33%
Taraclia
33%
Telenesti
33%
Ungheni
33%
Nie znaleziono quizów pasujących do podanych kryteriów
Rozkład punktacji
Procent ludzi z każdym wynikiem
Percentyl według liczby udzielonych odpowiedzi
Twoja historia wyników
Nie rozwiązałeś tego quizu